000 00697nam a2200265Ia 4500
003 OSt
005 20220924114803.0
006 a|||||r|||| 00| 0
007 ta
008 220923b |||||||| |||| 00| 0 ara d
020 _a977091522X
020 _c360.00
024 _a337761
037 _cTextual
040 _aARTS
_cARTS
_bara
041 _2ara
_aara
082 _aO28,3N11,28, P6
100 _aMahfouz Naguib Au.
_937396
245 0 _aAl- harafish
260 _aCairo
_bDar-al-shuruq Egypt
_c2006
300 _a603p.
_ccm.
650 _aARABIC FICTION
_964594
942 _hO28,3N11,28, P6
_cTEXL
_2CC
999 _c395282
_d395282